000 01271nam a2200337 i 4500
001 000004805
003 DO-SdBNP
005 20250404101318.0
007 ta
008 090727s1997 dr ab r 000 0 spa d
040 _aDO-SdBNP
_bspa
_cBNPHU
_erda
082 4 _a363.45
_bC352n
_222
100 1 _aCastillo Grullón, José,
_b1963-
_913948
_eautor
245 1 0 _aNarcotráfico y medios de comunicación :
_b(tratamiento a las informaciones) /
_cJosé Castillo Grullón, José Benitez Sosa ; prólogo, Ruddy L. González.
264 _aSanto Domingo :
_bAlfa & Omega,
_c1997.
300 _a107 páginas :
_bilustraciones, mapas ;
_c20 cm.
336 _2rdacontent
_atexto
_btxt
337 _2rdamedia
_asin mediación
_bn
338 _2rdacarrier
_avolumen
_bnc
500 _aIncluye datos biográficos de los autores en la contracubierta.
504 _aBibliografía : p. 113-115
590 _aInventariado, 2018/BT
650 4 _aDrogas y medios de comunicación de masas
_913949
650 0 _aNarcotráfico
_96030
650 0 _aMedicamentos
_913950
650 4 _aPeriodismo
_zRepública Dominicana
_936
700 1 _aBenitez Sosa, José
_913951
700 1 _aGonzález, Ruddy L.,
_epról.
_913952
910 _aValidado. Control de calidad. MMOLINA
942 _2ddc
_cLBS1
999 _c4611
_d4611